Amin=Amen (Record no. 8735)
[ view plain ]
| 000 -BAŞLIK | |
|---|---|
| Sabit Uzunlukta Kontrol Alanı | 00965na a2200265 4500 |
| 001 - KONTROL NUMARASI | |
| Denetim Alanı | 21971 |
| 003 - KONTROL NUMARASI IDENTIFIER | |
| Denetim Alanı | MIRAKIL |
| 005 - SON İŞLEM TARİHİ VE ZAMANI | |
| Denetim Alanı | 20181213155223.0 |
| 008 - SABİT-BOY VERİ ELEMANLARI - GENEL BİLGİLER | |
| Sabit Uzunlukta Kontrol Alanı | 170209b tu 000 0 |
| 040 ## - KATALOGLAMA KAYNAK | |
| Orijinal Kataloglama Ajansı | Milas |
| Kataloglama Dili | tur |
| Metne Dönüştürmek Ajansı | TR-AnCHP |
| 041 ## - DİL KODU | |
| Metin / Ses Parça Veya Ayrı Başlığın Dil Kodu | tur |
| -- | eng |
| 082 ## - DEWEY ONLU SINIFLANDIRMA NUMARASI | |
| Sınıflandırma Numarası | 779.8 |
| Ürün Numarası | A55 2014 |
| 090 ## - SINIFLAMA NUMARASI | |
| Sınıflama Numarası | 779.8 A55 2014 |
| 245 ## - BAŞLIK TABLOSU | |
| Başlık | Amin=Amen |
| Başlığın Kalan | Güneydoğu Anadolu'da inançlar ve inanışlar=Faiths and beliefs in Sourth East Anatolia |
| -- | Fotoğraf sergisi=Photography exhibition |
| Sorumluluk Tablosu, Vb | Proje yöneticisi Serpil Yıldız; Küratör İbrahim Göğer; fotoğrafçılar A. Kadir Ekinci,...[ve öte.] |
| 260 ## - YAYIN, DAĞITIM, VB | |
| Yayın, Dağıtım, Vb Yeri | Ankara |
| Yayıncı, Dağıtıcı, Vs Adı | AFSAD Yayın |
| Yayın, Dağıtım, Vb Tarihi | 2014 |
| 300 ## - FİZİKSEL TANIM | |
| Kapsam | 502 s. |
| Diğer Fiziksel Ayrıntıları | fotğ. |
| Boyutlar | 28x31 sm. |
| 504 ## - KAYNAKÇA VB NOT | |
| Kaynakça Vb Notu | Kaynakça var. |
| 650 ## - KONU KATMA GİRİŞ - TOPİKAL DÖNEM | |
| Topikal Süreli Veya Coğrafi Ad Giriş Elemanı | İnançlar |
| Genel Alt Bölümü | Fotoğraflar |
| Coğrafi Alt Bölümü | Güneydoğu Anadolu Bölgesi |
| 650 ## - KONU KATMA GİRİŞ - TOPİKAL DÖNEM | |
| Topikal Süreli Veya Coğrafi Ad Giriş Elemanı | Fotoğraflar |
| Genel Alt Bölümü | Sergi katalogları |
| 650 ## - KONU KATMA GİRİŞ - TOPİKAL DÖNEM | |
| Topikal Süreli Veya Coğrafi Ad Giriş Elemanı | Fotoğralar |
| Genel Alt Bölümü | Din |
| 700 ## - KATMA GİRİŞ - KİŞİSEL İSİM | |
| Kişisel Ad | Ekinci, A. Kadir |
| 700 ## - KATMA GİRİŞ - KİŞİSEL İSİM | |
| Kişisel Ad | Göğerİ, brahim |
| 700 ## - KATMA GİRİŞ - KİŞİSEL İSİM | |
| Kişisel Ad | Yıldız, Serpil |
| 942 ## - EKLENDİ GİRİŞ ELEMANLARI (KOHA) | |
| Sınıflandırma Veya Raf Düzeni Kaynak | |
| Koha Öğesi Türü | Books |
| 999 ## - SİSTEM KONTROL NUMARALARI (KOHA) | |
| Koha Biblionumber | 8735 |
| Koha Biblioitemnumber | 8735 |
| Kalıcı Konum | Mevcut Konum | Edinme Tarihi | Edinim Kaynak | Seri Numaralandırma / Kronolojik | Toplam Check-Out'Lar | Tam Çağrı Numarası | Barkod | Tarih Son Görülme | İtibaren Geçerli Fiyatlar | Koha Öğesi Türü |
|---|---|---|---|---|---|---|---|---|---|---|
| CHP Kütüphanesi | CHP Kütüphanesi | 02/09/2017 | Bağış | c.7 | 779.8 A55 2014 | 012944 | 02/09/2017 | 02/09/2017 | Books |
